000 00693nam a2200289Ia 4500
005 20260324123144.0
008 008 260324s9999 xx 000 0 eng d
020 _a9780429112034
037 _aEBOOK
040 _aCRL
040 _beng
040 _cCRL
041 _2eng
041 _aeng
084 _qCRL
100 _aSirshendu De; Sourav Mondal
_91169233
245 0 _aMicellar Enhanced Ultrafiltration
245 0 _bFundamentals & Applications
260 _bTaylor and Francis
260 _c2012
365 _a
365 _b385
856 _uhttp://www.taylorfrancis.com/books/9780429112034
942 _cEBOOK
999 _c1762505
_d1762505